FC Midtjylland players (2010-2020) - Statistics

General Stats
  • This quiz has been taken 3 times
  • The average score is 17 of 118
Answer Stats
Rank Player Positions Nationality Matches Goals (assists) Period % Correct
8 Jonas Lössl GK 115 0 (1) 2010-2014
100%
107 Aral Şimşir LW 1 0 (0) 2019-2020
67%
96 Dion Cools RB 3 0 (0) 2019-2020
67%
3 Erik Sviatchenko CB 155 13 (15) 2010-2016, 2017-2020
67%
38 Evander AM 40 13 (10) 2018-2020
67%
2 Jakob Poulsen CM 202 37 (53) 2010-2012, 2013-2020
67%
7 Kristian Bach Bak RB 122 9 (13) 2010-2016
67%
75 Paulinho LB 12 1 (1) 2019-2020
67%
16 Pione Sisto LW 90 20 (12) 2012-2017
67%
1 Rilwan Hassan RW 206 20 (30) 2010-2019
67%
10 Tim Sparv DM 112 2 (8) 2014-2020
67%
33 Alexander Scholz CB 45 5 (0) 2018-2020
33%
57 Alexander Sørloth ST 19 10 (8) 2017-2018
33%
90 Anders Dreyer RW 6 2 (2) 2019-2020
33%
85 Andreas Poulsen LB 8 0 (2) 2016-2018
33%
86 Artem Dovbyk ST 8 0 (0) 2017-2020
33%
54 Bozhidar Kraev LW 20 0 (0) 2017-2019
33%
64 Gustav Isaksen RW 14 0 (1) 2019-2020
33%
24 Gustav Wikheim LW 63 8 (12) 2016-2020
33%
60 Jens Cajuste DM 17 1 (0) 2018-2020
33%
18 Jesper Hansen GK 78 0 (0) 2017-2020
33%
22 Jesper Lauridsen LB 64 3 (5) 2010-2013, 2014-2016
33%
62 Jim Larsen CB 16 3 (1) 2014-2015
33%
32 Joel Andersson RB 46 1 (6) 2018-2020
33%
111 Johannes Madsen CM 1 0 (0) 2013-2014
33%
61 Júnior Brumado ST 17 0 (1) 2019-2020
33%
91 Kasper Hansen CM 6 0 (0) 2010-2012
33%
74 Kasper Jensen GK 12 0 (0) 2010-2012
33%
13 Kian Hansen CB 95 2 (12) 2015-2020
33%
36 Marc Dal Hende CB 42 14 (2) 2017-2020
33%
26 Marco Larsen AM 56 7 (4) 2011-2017
33%
46 Marcos Ureña ST 29 5 (5) 2014-2016
33%
55 Mayron George ST 20 4 (1) 2018-2019
33%
37 Mikkel Andersen GK 41 0 (0) 2015-2017
33%
20 Mikkel Duelund AM 76 17 (10) 2014-2019
33%
44 Mikkel Thygesen CM 30 9 (4) 2010-2011
33%
100 Nicolas Madsen CM 3 0 (0) 2019-2020
33%
9 Paul Onuachu ST 112 39 (14) 2012-2019
33%
48 Rasmus Nicolaisen CB 25 5 (2) 2017-2020
33%
41 Adigun Salami DM 31 0 (3) 2010-2012
0%
106 Alexander Ludwig CB 1 0 (0) 2010-2011
0%
84 Alexander Munksgaard RB 8 0 (0) 2015-2019
0%
11 André Römer DM 110 4 (7) 2012-2018
0%
29 Awer Mabil LW 51 12 (13) 2015-2016, 2018-2020
0%
72 Ayo Simon Okosun CM 12 1 (1) 2018-2020
0%
79 Baba Collins CF 9 0 (1) 2010-2012
0%
80 Benjamin Kibebe CB 9 0 (0) 2012-2013
0%
59 Brian Priske RB 17 1 (2) 2010-2011
0%
87 Bruninho RW 7 0 (0) 2016-2017
0%
88 Bubacarr Sanneh CB 7 0 (0) 2017-2019
0%
52 Christian Sivebaek RW 22 1 (1) 2010-2012
0%
108 Daniel O'Shaughnessy CB 1 0 (0) 2015-2016
0%
51 Daniel Royer LW 23 2 (2) 2015-2016
0%
15 Danny Olsen CM 92 17 (21) 2010-2014
0%
109 David Akintola RW 1 0 (0) 2015-2016
0%
73 Emiliano Marcondes AM 12 2 (2) 2019-2020
0%
77 Eyjólfur Hédinsson DM 10 2 (0) 2013-2014
0%
102 Femi DM 2 0 (0) 2013-2014
0%
23 Filip Novak LB 63 9 (7) 2015-2018
0%
49 Francis Dickoh CB 24 0 (1) 2013-2016
0%
42 Frank Kristensen ST 31 7 (1) 2010-2011, 2012-2014
0%
34 Frank Onyeka CM 44 6 (1) 2017-2020
0%
78 Frederik Möller LB 10 0 (1) 2013-2016
0%
110 Isaac Oliseh CM 1 0 (0) 2013-2014
0%
5 Izunna Uzochukwu DM 127 3 (4) 2010-2015
0%
43 Jakob Haugaard GK 30 0 (0) 2012-2015
0%
58 Janus Drachmann DM 18 0 (0) 2016-2018
0%
81 Jeppe Curth ST 9 3 (1) 2013-2014
0%
103 Jesper Bøge RB 2 0 (0) 2010-2011
0%
6 Jesper Juelsgård CB 124 2 (26) 2010-2014
0%
45 Johan Dahlin GK 29 0 (1) 2014-2017
0%
17 Jonas Borring LM 89 10 (13) 2010-2012, 2016-2018
0%
92 Jonas Gemmer DM 5 0 (0) 2013-2014, 2015-2016
0%
40 Jude Nworuh ST 35 5 (2) 2011-2013
0%
104 Kaan Kairinen CM 2 0 (0) 2017-2018
0%
65 Ken Fagerberg ST 14 2 (1) 2010-2011
0%
66 Ken Ilsø AM 14 4 (2) 2010-2011
0%
25 Kolja Afriyie RB 58 0 (1) 2011-2014
0%
69 Kristian Dirks Riis CB 13 0 (0) 2016-2018
0%
35 Kristijan Ipsa CB 43 1 (2) 2010-2013
0%
31 Kristoffer Olsson CM 50 2 (5) 2014-2017
0%
94 Lasse Vibe ST 4 0 (0) 2019-2020
0%
19 Mads Albæk CM 78 12 (8) 2010-2013
0%
82 Mads Hvilsom ST 9 1 (0) 2010-2013
0%
89 Mads Pedersen CM 7 0 (0) 2011-2013
0%
53 Mads Thychosen RB 22 3 (3) 2015-2019
0%
97 Manjrekar James CB 3 0 (0) 2018-2020
0%
98 Marc Møller CB 3 0 (0) 2011-2012
0%
70 Markus Halsti CB 13 0 (0) 2016-2018
0%
39 Martin Albrechtsen CB 37 3 (1) 2010-2012
0%
28 Martin Pusic ST 53 23 (3) 2014-2017
0%
112 Michael Baidoo AM 1 0 (0) 2017-2018
0%
50 Mikael Anderson CM 24 4 (2) 2016-2017, 2019-2020
0%
113 Morten Koch Nielsen CB 1 0 (0) 2011-2012
0%
114 Morten Nielsen ST 1 0 (0) 2011-2012
0%
12 Morten Rasmussen ST 96 37 (16) 2012-2016
0%
99 Musefiu Ashiru LW 3 0 (0) 2013-2014
0%
67 Nikolas Dyhr LB 14 0 (1) 2019-2020
0%
63 Nikolay Bodurov CB 15 0 (0) 2015-2016
0%
101 Noah Olawale Ojuola CB 3 0 (0) 2012-2013
0%
115 Oliver Olsen RB 1 0 (0) 2018-2019
0%
14 Patrick Banggaard CB 95 3 (0) 2012-2017
0%
21 Petter Andersson CM 73 19 (6) 2012-2016
0%
68 Rafael van der Vaart AM 14 2 (1) 2016-2018
0%
105 Rafal Kurzawa AM 2 1 (0) 2018-2019
0%
27 Rasmus Kristensen RB 54 5 (7) 2015-2018
0%
116 Rasmus Lauritsen CB 1 0 (0) 2015-2016
0%
117 Rasmus Lynge Christensen RW 1 0 (0) 2010-2011
0%
93 Ronnie Schwartz ST 5 2 (1) 2019-2020
0%
76 Santiago Villafañe DM 11 0 (0) 2012-2013
0%
83 Simon Kroon AM 9 1 (0) 2016-2018
0%
4 Sly ST 146 41 (27) 2010-2015
0%
95 Sonni Nattestad CB 4 0 (0) 2013-2014
0%
56 Sory Kaba ST 20 5 (3) 2019-2020
0%
30 Tim Janssen ST 51 10 (2) 2011-2014
0%
71 Vaclav Kadlec ST 13 3 (1) 2015-2017
0%
118 Winston Reid CB 1 0 (0) 2010-2011
0%
47 Zsolt Korcsmár CB 26 2 (1) 2017-2019
0%
No matching quizzes found
Score Distribution
Percent of People with Each Score
Percentile by Number Answered
Your Score History
You have not taken this quiz